[Event "Aeroflot Open"]
[Site "Moscow RUS"]
[Date "2004.02.17"]
[Round "1"]
[White "Khenkin,I"]
[Black "Minasian,Ara"]
[Result "1-0"]
[WhiteElo "2611"]
[BlackElo "2499"]
[EventDate "2004.02.17"]

1. d4 d5 2. c4 c6 3. e3 Nf6 4. Nc3 g6 5. Nf3 Bg7 6. Be2 O-O 7. O-O Be6 8.
cxd5 cxd5 9. Qb3 Qb6 10. Bd2 Ne4 11. Rfc1 Nc6 12. Be1 Rfc8 13. Na4 Qxb3 14.
axb3 Nd8 15. Ne5 Rxc1 16. Rxc1 Rc8 17. Rxc8 Bxc8 18. f3 Nd6 19. Bb4 Nf5 20.
Kf2 Bf8 21. g4 Ng7 22. g5 f6 23. gxf6 exf6 24. Nd3 Nc6 25. Nc3 Bf5 26. Nxd5
Ne8 27. Nc5 b6 28. Bb5 bxc5 29. Bxc6 cxd4 30. Bxe8 dxe3+ 31. Kxe3 Bc2 32.
Kd4 1-0

[Event "Aeroflot Open"]
[Site "Moscow RUS"]
[Date "2004.02.18"]
[Round "2"]
[White "Postny,E"]
[Black "Khenkin,I"]
[Result "0-1"]
[WhiteElo "2537"]
[BlackElo "2611"]
[EventDate "2004.02.17"]

1. e4 e6 2. Nf3 d5 3. exd5 exd5 4. d4 Bd6 5. Bd3 Nc6 6. c3 Nge7 7. O-O Bg4
8. a4 Qd7 9. Na3 a6 10. Nc2 Bf5 11. Bg5 Bxd3 12. Qxd3 O-O 13. Ne3 Rfe8 14.
Rfe1 f6 15. Bh4 Bf4 16. Bg3 Bxe3 17. Rxe3 g6 18. Rae1 Kf7 19. Qe2 Na5 20.
Re6 c6 21. Rd6 Qc8 22. Qe6+ Qxe6 23. Rexe6 Ng8 24. Rxe8 Kxe8 25. Nd2 Ke7
26. b4 Nh6 27. bxa5 Nf5 28. Rxf6 Kxf6 29. Be5+ Ke7 30. Nb3 Nd6 31. Nc5 Ne4
32. f3 Nxc3 33. Kf2 Nd1+ 34. Kg3 Ne3 35. Kf2 Nc4 36. Bc7 Rc8 37. Bb6 Nd6
38. g4 h5 39. h3 Rf8 40. Kg2 Nc4 41. Kg3 Nd2 42. f4 hxg4 43. hxg4 Rh8 44.
Nd3 Rh1 45. Ne5 Kf6 46. Bd8+ Kg7 47. f5 gxf5 48. gxf5 Ne4+ 49. Kg4 Rg1+ 50.
Kf4 Rf1+ 51. Kg4 c5 52. dxc5 d4 53. Bh4 Nxc5 54. f6+ Kh7 55. f7 d3 56. Be7
d2 57. Nf3 Rxf3 0-1

[Event "Aeroflot Open"]
[Site "Moscow RUS"]
[Date "2004.02.18"]
[Round "2"]
[White "Inarkiev,E"]
[Black "Maze,S"]
[Result "1-0"]
[WhiteElo "2606"]
[BlackElo "2462"]
[EventDate "2004.02.17"]

1. e4 c5 2. Nf3 Nc6 3. d4 cxd4 4. Nxd4 g6 5. Nc3 Bg7 6. Be3 Nf6 7. Bc4 O-O
8. Bb3 a5 9. O-O d6 10. h3 a4 11. Nxa4 Nxe4 12. Nb5 Rxa4 13. Bxa4 Bxb2 14.
Rb1 Bg7 15. Bb3 Qa5 16. Re1 Nc5 17. Bd2 Qd8 18. Bc3 Bxc3 19. Nxc3 Kg7 20.
Ne4 Nxe4 21. Rxe4 f5 22. Re1 f4 23. Bd5 Ne5 24. Bxb7 f3 25. Rxe5 dxe5 26.
Bxf3 Qxd1+ 27. Bxd1 Bf5 28. a4 Ra8 29. Ra1 Ra5 30. h4 h6 31. Kf1 Kf6 32.
Ke1 Ke6 33. c3 Kd6 34. Bb3 Be4 35. g3 Bc6 36. Kd2 Kc7 37. c4 e4 38. Ke3 Rf5
39. Bd1 Kb6 40. a5+ Ka7 41. a6 Rf8 42. Ra5 Rd8 43. Bc2 Rf8 44. Re5 Rf3+ 45.
Ke2 Rc3 46. Rxe7+ Kxa6 47. Bxe4 1-0

[Event "Aeroflot Open"]
[Site "Moscow RUS"]
[Date "2004.02.18"]
[Round "2"]
[White "Filippov,Va"]
[Black "Zhigalko,A"]
[Result "1-0"]
[WhiteElo "2609"]
[BlackElo "2491"]
[EventDate "2004.02.17"]

1. c4 g6 2. Nc3 Bg7 3. g3 Nf6 4. Bg2 O-O 5. d4 d6 6. Nf3 Nc6 7. O-O a6 8.
Qd3 e5 9. dxe5 dxe5 10. Qxd8 Rxd8 11. Bg5 Be6 12. Nd2 h6 13. Bxf6 Bxf6 14.
Nde4 Be7 15. Nd5 Bxd5 16. cxd5 Nb4 17. Nc3 c6 18. dxc6 Nxc6 19. Nd5 Bc5 20.
Rac1 Ba7 21. e3 Rd6 22. Nc3 Kg7 23. Ne4 Rd5 24. Nc3 Rd6 25. Rfd1 Rxd1+ 26.
Nxd1 Nd8 27. Rc7 Bb6 28. Rd7 Kf8 29. Nc3 Rb8 30. Nd5 Ba7 31. Nf6 Kg7 32.
Ng4 Rc8 33. Nxe5 Rc1+ 34. Bf1 Kf6 35. Nd3 Rc8 36. Bh3 Rb8 37. Nb4 Bc5 38.
Nd5+ Kg7 39. Bg2 Ne6 40. Nc3 b5 41. Bd5 Rb6 42. Ne4 Bf8 43. f4 Kg8 44. Kf2
Bg7 45. b4 Bf8 46. a3 Bg7 47. g4 Bb2 48. Nd6 Nf8 49. Bxf7+ Kh7 50. Rd8 Bxa3
51. e4 Bxb4 52. e5 Kg7 53. Bd5 Bxd6 54. exd6 b4 55. f5 gxf5 56. gxf5 Rb5
57. f6+ Kg6 58. Be4+ Kf7 59. Bd3 Rh5 60. Bc4+ Ne6 61. d7 Rxh2+ 62. Kg3 Rd2
63. Re8 Rxd7 64. Rxe6 Kg6 65. Rc6 Rd8 66. f7+ Kg7 67. Rxa6 Rc8 68. Be6 Rb8
69. Bb3 1-0

[Event "Aeroflot Open"]
[Site "Moscow RUS"]
[Date "2004.02.18"]
[Round "2"]
[White "Tregubov,P"]
[Black "Vorobiov,E"]
[Result "1/2-1/2"]
[WhiteElo "2628"]
[BlackElo "2544"]
[EventDate "2004.02.17"]

1. d4 d5 2. c4 c6 3. Nc3 Nf6 4. g3 g6 5. Bg2 Bg7 6. Nf3 O-O 7. O-O Qb6 8.
Qb3 Rd8 9. c5 Qxb3 10. axb3 Na6 11. h3 Nd7 12. Bf4 Nf8 13. Ra4 Bf5 14. Rfa1
Ne6 15. e3 Be4 16. g4 Nxf4 17. exf4 Bxf3 18. Bxf3 Nc7 19. f5 1/2-1/2

[Event "Aeroflot Open"]
[Site "Moscow RUS"]
[Date "2004.02.19"]
[Round "3"]
[White "Lastin,A"]
[Black "Ivanov,Se1"]
[Result "1-0"]
[WhiteElo "2625"]
[BlackElo "2544"]
[EventDate "2004.02.17"]

1. e4 e6 2. d4 d5 3. e5 c5 4. c3 Qb6 5. Nf3 Nc6 6. a3 Nh6 7. b4 cxd4 8.
cxd4 Nf5 9. Bb2 Be7 10. Bd3 a5 11. Qa4 O-O 12. b5 f6 13. Bxf5 exf5 14. O-O
Be6 15. Nc3 Na7 16. Qb3 Rfd8 17. Rfe1 fxe5 18. Nxe5 Bf6 19. a4 Qxd4 20. Ne4
Qxe4 21. Rxe4 fxe4 22. f3 Re8 23. fxe4 dxe4 24. Qg3 Bd5 25. Rd1 Rad8 26.
Rf1 Bxe5 27. Bxe5 Rd7 28. Rd1 Ree7 29. Bxg7 Rxg7 30. Qb8+ Kf7 31. Rxd5 Rxd5
32. Qxb7+ Ke6 33. Qxg7 e3 34. Qh6+ 1-0

[Event "Aeroflot Open"]
[Site "Moscow RUS"]
[Date "2004.02.19"]
[Round "3"]
[White "Postny,E"]
[Black "Filippov,Va"]
[Result "0-1"]
[WhiteElo "2537"]
[BlackElo "2609"]
[EventDate "2004.02.17"]

1. e4 e6 2. d4 d5 3. Nd2 c5 4. exd5 Qxd5 5. Ngf3 cxd4 6. Bc4 Qd6 7. O-O Nf6
8. Nb3 Nc6 9. Nbxd4 Nxd4 10. Nxd4 a6 11. b3 Qc7 12. Bb2 Bd6 13. h3 O-O 14.
Nf3 b5 15. Bd3 Bb7 16. Re1 Rfd8 17. Ne5 Ne4 18. Bxe4 Bxe4 19. Qd4 Bxc2 20.
Rac1 Ba3 21. Nd7 Bxb2 22. Qxb2 Rac8 23. Ne5 Qc3 24. Qxc3 Rxc3 25. Re2 Rdc8
26. Rd2 b4 27. Re1 h5 28. h4 Bf5 29. Nc4 Rd3 30. Rxd3 Bxd3 31. Ne3 f6 32.
Rd1 Bb5 33. Rd4 Rc1+ 34. Kh2 Ra1 35. Rxb4 Rxa2 36. Kg3 Rb2 37. Nd1 Rd2 38.
Ne3 Rd3 39. Kf3 Kf7 40. Ke4 Rd2 41. Kf3 e5 42. g4 hxg4+ 43. Nxg4 Ke6 44.
Ne3 f5 45. Kg2 f4 0-1

[Event "Aeroflot Open"]
[Site "Moscow RUS"]
[Date "2004.02.19"]
[Round "3"]
[White "Vorobiov,E"]
[Black "Moiseenko,A"]
[Result "1/2-1/2"]
[WhiteElo "2544"]
[BlackElo "2623"]
[EventDate "2004.02.17"]

1. d4 f5 2. Nf3 Nf6 3. Bg5 e6 4. e3 Be7 5. Bd3 O-O 6. O-O d5 7. c4 c6 8.
Nbd2 h6 9. Bf4 Ne4 10. Ne5 g5 11. Bg3 Nxg3 12. hxg3 Bd6 13. g4 Bxe5 14.
dxe5 1/2-1/2

[Event "Aeroflot Open"]
[Site "Moscow RUS"]
[Date "2004.02.19"]
[Round "3"]
[White "Efimenko,Z"]
[Black "Sadvakasov,D"]
[Result "1/2-1/2"]
[WhiteElo "2537"]
[BlackElo "2611"]
[EventDate "2004.02.17"]

1. e4 c5 2. Nf3 d6 3. d4 cxd4 4. Nxd4 Nf6 5. Nc3 a6 6. Be2 e5 7. Nb3 Be7 8.
O-O O-O 9. a4 Be6 10. f4 Nbd7 11. Kh1 Rc8 12. Be3 Qc7 13. a5 Rfd8 14. f5
Bc4 15. Bxc4 Qxc4 16. Ra4 Qc7 17. Qe2 h6 18. Nd2 Nc5 19. Bxc5 dxc5 20. Nc4
Rd4 21. Raa1 Re8 22. b3 Bd8 23. Rf3 Qc6 24. Re3 Bc7 25. g4 Kf8 26. Rg1 Ke7
27. g5 hxg5 28. Rxg5 Rh8 29. Qe1 Kf8 30. Rg2 Nh5 31. Rh3 Rh6 32. Nd5 Nf4
33. f6 Rxd5 34. fxg7+ Kg8 35. Rxh6 Qxh6 36. exd5 Nxg2 37. Kxg2 Qg6+ 38. Kh1
e4 39. d6 Bxd6 1/2-1/2

[Event "Aeroflot Open"]
[Site "Moscow RUS"]
[Date "2004.02.19"]
[Round "3"]
[White "Fedorov,Alex"]
[Black "Narciso Dublan,M"]
[Result "1-0"]
[WhiteElo "2601"]
[BlackElo "2517"]
[EventDate "2004.02.17"]

1. e4 e5 2. Nf3 Nc6 3. Bc4 Nf6 4. d3 Be7 5. O-O O-O 6. Re1 d6 7. a4 Nd4 8.
Nxd4 exd4 9. c3 dxc3 10. Nxc3 c6 11. Bb3 d5 12. e5 Ne8 13. d4 f5 14. f4 Be6
15. Be3 Nc7 16. Bc2 Na6 17. Rc1 Rc8 18. h3 Qd7 19. Kh2 Nb4 20. Bb1 b6 21.
Qf3 c5 22. Rcd1 Rfd8 23. Rg1 cxd4 24. Bxd4 Nc6 25. Ne2 Nxd4 26. Nxd4 Bc5
27. b3 Qe7 28. Rge1 Bxd4 29. Rxd4 Qa3 30. Red1 g6 31. Qg3 Qe7 32. Bd3 Rc3
33. b4 a5 34. bxa5 bxa5 35. Qe1 Rdc8 36. Be2 R3c5 37. Bf3 Rd8 38. R1d3 Kg7
39. Qd1 Qb7 40. Rb3 Qc7 41. Qb1 Rd7 42. Rb6 Rc6 43. Rb5 Rc4 44. Qb2 Qa7 45.
Rdxd5 Rdc7 46. Rxa5 Qe3 47. Qd2 Qxf4+ 48. Qxf4 Rxf4 49. Rd6 Bb3 50. Bc6 Re7
51. Rd7 Rxd7 52. Bxd7 Re4 53. Bc6 Re3 54. Rc5 Ba2 55. a5 Ra3 56. Bb7 Kf7
57. a6 f4 58. Rc7+ Ke6 59. Rc5 g5 60. Bc8+ Ke7 61. e6 Kd6 62. Rxg5 Bxe6 63.
Bxe6 Kxe6 64. Rh5 Ra2 65. Kg1 Kf6 66. Rxh7 Kg6 67. Ra7 Kh6 68. Ra8 Kg7 69.
a7 Kh7 70. Kf1 Kg7 71. Ke1 Kh7 72. Kd1 Kg7 73. Kc1 Ra6 74. Kc2 Ra3 75. Kb2
Ra6 76. Kb3 Ra1 77. Kc4 Ra4+ 78. Kd5 Ra5+ 79. Ke4 Ra4+ 80. Kf5 Kh7 81. Kg4
Kg7 82. h4 Kh7 83. Re8 Rxa7 84. Kxf4 1-0

[Event "Aeroflot Open"]
[Site "Moscow RUS"]
[Date "2004.02.20"]
[Round "4"]
[White "Timofeev,Ar"]
[Black "Berkes,F"]
[Result "1/2-1/2"]
[WhiteElo "2578"]
[BlackElo "2602"]
[EventDate "2004.02.17"]

1. e4 c5 2. Nf3 d6 3. d4 cxd4 4. Nxd4 Nf6 5. Nc3 a6 6. Be2 Nc6 7. Be3 e5 8.
Nb3 Be7 9. O-O O-O 10. Qd2 Be6 11. Kh1 d5 12. exd5 Nxd5 13. Nxd5 Qxd5 14.
Qxd5 Bxd5 15. Rad1 Be6 16. Nc5 Bxc5 17. Bxc5 Rfc8 18. Bd3 f5 19. f3 Kf7 20.
g4 g6 21. Rde1 Kf6 22. a4 Bd5 23. c4 Be6 24. Bd6 Rd8 25. c5 b6 26. b4 Nxb4
27. Bxe5+ Kf7 28. gxf5 gxf5 29. Bb1 bxc5 30. Rg1 Rg8 31. Bd6 Rxg1+ 32. Kxg1
Rc8 33. Rc1 a5 34. Bxc5 h5 35. Be3 Rxc1+ 36. Bxc1 Kg6 37. Be3 Bb3 38. Bb6
Nc6 39. Bd3 Bxa4 40. Kg2 Bb3 1/2-1/2

[Event "Aeroflot Open"]
[Site "Moscow RUS"]
[Date "2004.02.20"]
[Round "4"]
[White "Ulibin,M"]
[Black "Graf,A"]
[Result "0-1"]
[WhiteElo "2586"]
[BlackElo "2629"]
[EventDate "2004.02.17"]

1. d4 Nf6 2. c4 e6 3. g3 d5 4. Nf3 dxc4 5. Bg2 a6 6. O-O Nc6 7. Nc3 Rb8 8.
e4 Be7 9. d5 exd5 10. exd5 Nb4 11. Ne5 Bf5 12. a3 Nd3 13. Nxc4 Nxc1 14.
Rxc1 O-O 15. Qf3 g6 16. Rfe1 Ne8 17. Ne3 Bd7 18. Ne4 Nd6 19. Nc5 Re8 20.
Nxd7 Qxd7 21. Ng4 Bg5 22. h4 h5 23. hxg5 hxg4 24. Qf4 Rxe1+ 25. Rxe1 Re8
26. Rxe8+ Qxe8 27. Qxg4 Qe5 28. Qb4 Qxg5 29. Qc3 Qe7 30. Bf3 Nb5 31. Qd2
Qe5 32. Bg2 Kf8 33. Qb4+ Ke8 34. Kf1 Nd6 35. Bf3 Kd8 36. Kg2 Kc8 37. a4 Kb8
38. a5 f5 39. b3 g5 40. g4 f4 41. Kf1 Kc8 42. Kg2 Kd7 43. Qc5 Nb5 44. b4
Qd6 45. Qc4 Qe7 46. Qd3 Kd8 47. Qc4 Ke8 48. Qd3 Nd6 49. Qd4 Nf7 50. Qc4 Kd8
51. Qd4 Qe5 52. Qd3 Qf6 53. Qe4 Ne5 54. Qc2 Kc8 55. Qe4 Kb8 56. Be2 Ng6 57.
Bf3 Nh4+ 58. Kg1 Qa1+ 59. Kh2 Qf1 60. Qe8+ Ka7 61. Qe2 Nxf3+ 62. Qxf3 Kb8
63. Qg2 Qe2 64. Kg1 f3 65. Qg3 Qd1+ 66. Kh2 Qxd5 67. Qh3 Qe5+ 68. Qg3 Qe4
69. Qh3 Qe5+ 70. Qg3 Qh8+ 71. Kg1 Qc3 72. Kh2 Kc8 73. Qh3 Qe5+ 74. Qg3 Qh8+
75. Kg1 Qc3 76. Kh2 Kd7 77. Kg1 Ke6 78. Kh1 Qa1+ 79. Kh2 Qe5 0-1

[Event "Aeroflot Open"]
[Site "Moscow RUS"]
[Date "2004.02.20"]
[Round "4"]
[White "Inarkiev,E"]
[Black "Mamedov,Rau"]
[Result "1/2-1/2"]
[WhiteElo "2606"]
[BlackElo "2468"]
[EventDate "2004.02.17"]

1. Nf3 Nf6 2. c4 g6 3. b4 Bg7 4. Bb2 O-O 5. g3 d6 6. Bg2 e5 7. O-O Re8 8.
d3 h6 9. Nc3 Nbd7 10. e3 Nf8 11. Nd2 N8h7 12. Kh1 h5 13. h3 Rb8 14. Rg1 Be6
15. Qf1 c6 16. Re1 d5 17. f4 exf4 18. gxf4 dxc4 19. Nxc4 Bxc4 20. dxc4 Qd2
21. Re2 Qd3 22. e4 Qxc4 23. e5 Nd7 24. a3 Ndf8 25. Ne4 Rbd8 26. f5 Bxe5 27.
Bxe5 Rxe5 28. Nf6+ Nxf6 29. Rxe5 Qc3 30. Rc5 Qd4 31. fxg6 Nxg6 32. Rf5 Kg7
33. Qf3 Rd6 34. Rf1 Re6 35. Qg3 h4 36. Qg5 a6 37. R1f4 Qc3 38. Bf1 Qg3 39.
Qxg3 hxg3 40. Rf3 Ne4 41. Rxf7+ Kh6 42. Rxb7 Nd2 43. Rff7 Re1 44. Kg1 Ne5
45. Kg2 Nxf7 46. Rxf7 Ra1 47. Bd3 Rxa3 48. Rd7 Kg5 49. Kxg3 Ne4+ 50. Kf3
Nf6 51. Rd4 Nd5 52. Ke4 Rb3 53. Ke5 Rxb4 54. Bxa6 Rxd4 1/2-1/2

[Event "Aeroflot Open"]
[Site "Moscow RUS"]
[Date "2004.02.20"]
[Round "4"]
[White "Yandemirov,V"]
[Black "Khenkin,I"]
[Result "1/2-1/2"]
[WhiteElo "2491"]
[BlackElo "2611"]
[EventDate "2004.02.17"]

1. e4 c6 2. d4 d5 3. Nd2 dxe4 4. Nxe4 Bf5 5. Ng3 Bg6 6. h4 h6 7. Nf3 Nd7 8.
h5 Bh7 9. Bd3 Bxd3 10. Qxd3 e6 11. Bf4 Qa5+ 12. Bd2 Bb4 13. Ne4 Ngf6 14.
Nd6+ Ke7 15. Nc4 Bxd2+ 16. Nfxd2 Qc7 17. Ne4 Nxe4 1/2-1/2

[Event "Aeroflot Open"]
[Site "Moscow RUS"]
[Date "2004.02.21"]
[Round "5"]
[White "Miton,K"]
[Black "Sadvakasov,D"]
[Result "0-1"]
[WhiteElo "2543"]
[BlackElo "2611"]
[EventDate "2004.02.17"]

1. e4 e5 2. Nf3 Nc6 3. Bb5 Nf6 4. O-O Nxe4 5. Re1 Nd6 6. Nxe5 Be7 7. Bd3
Nxe5 8. Rxe5 O-O 9. Nc3 c6 10. Qh5 g6 11. Qe2 Bf6 12. b3 Bxe5 13. Qxe5 Ne8
14. Bb2 f6 15. Qg3 d5 16. Re1 Ng7 17. Nd1 Bf5 18. h3 Qd7 19. Ne3 Rae8 20.
Rc1 Bxd3 21. cxd3 Re6 22. Qg4 b6 23. b4 d4 24. Nc2 c5 25. bxc5 bxc5 26. Na3
Rfe8 27. Kh2 Nh5 28. Qf3 Re2 29. Nc4 Qc7+ 30. g3 Nxg3 31. Qd5+ Kg7 32. Kg2
Nf5 33. Kf1 Qh2 34. Qf3 Nh4 0-1

[Event "Aeroflot Open"]
[Site "Moscow RUS"]
[Date "2004.02.21"]
[Round "5"]
[White "Romanishin,O"]
[Black "Moiseenko,A"]
[Result "1-0"]
[WhiteElo "2537"]
[BlackElo "2623"]
[EventDate "2004.02.17"]

1. d4 Nf6 2. Nf3 e6 3. g3 c5 4. Bg2 cxd4 5. O-O d5 6. Nxd4 e5 7. Nb3 Be6 8.
Nc3 Bb4 9. f4 exf4 10. Bxf4 Bxc3 11. bxc3 O-O 12. Nd4 Nbd7 13. Rb1 Qa5 14.
c4 Nb6 15. Rb5 Qxa2 16. c5 Nbd7 17. Bd6 Rfc8 18. Nxe6 fxe6 19. Bh3 Qa6 20.
Bxe6+ Kh8 21. Qd3 Rxc5 22. Bxc5 Qxe6 23. Bd4 b6 24. Rbb1 h6 25. Qf5 Qc6 26.
Rb3 Rf8 27. Rbf3 Nc5 28. Bxf6 Rxf6 29. Qe5 Ne4 30. Rxf6 Nxf6 31. Qb8+ Kh7
32. Qxa7 Qc5+ 33. Kh1 Kg6 34. Qa4 Qe3 35. Qb5 Qe4+ 36. Rf3 Qxc2 37. Qd3+
Qxd3 38. Rxd3 Kf5 39. Kg2 Ke4 40. Rb3 Nd7 41. Ra3 Nc5 42. Ra7 Kd4 43. Rxg7
b5 44. Rg6 b4 45. Rxh6 b3 46. Rb6 Kc3 47. Rc6 Kc4 48. Rf6 b2 49. Rf1 Nb3
50. Rb1 Kc3 51. h4 Nd2 52. Rxb2 Kxb2 53. h5 Ne4 54. Kf3 Kc3 55. Kf4 Kd2 56.
h6 Nd6 57. h7 Nf7 58. e3 Nh8 59. g4 Kd3 60. g5 1-0

[Event "Aeroflot Open"]
[Site "Moscow RUS"]
[Date "2004.02.21"]
[Round "5"]
[White "Khenkin,I"]
[Black "Potkin,V"]
[Result "1-0"]
[WhiteElo "2611"]
[BlackElo "2533"]
[EventDate "2004.02.17"]

1. d4 d5 2. c4 c6 3. Nf3 Nf6 4. Nc3 e6 5. Bg5 h6 6. Bxf6 Qxf6 7. e3 Nd7 8.
Qc2 g6 9. cxd5 exd5 10. Bd3 Bg7 11. O-O O-O 12. b4 Qd6 13. Rab1 Nb6 14.
Rfc1 Be6 15. Nd2 Rac8 16. Ne2 Rfe8 17. Nf4 Nd7 18. Qa4 a6 19. Nb3 Rc7 20.
Na5 h5 21. Nxb7 Rxb7 22. Rxc6 Qb8 23. Nxe6 Rxe6 24. Rxe6 fxe6 25. Bxg6 Nf6
26. Qxa6 Rb6 27. Qa4 Bf8 28. b5 Ng4 29. g3 h4 30. Qd1 Nf6 31. a4 hxg3 32.
hxg3 Rb7 33. Kg2 Rg7 34. Qd3 Bd6 35. f4 Nd7 36. Rh1 Nb6 37. Rh6 Nc4 38. Bh5
Qc8 39. Rg6 Bf8 40. Rxg7+ Bxg7 41. Qc3 Bf6 42. Be2 Bd8 43. e4 Ba5 44. Qf3
Bd2 45. Qh5 Ne3+ 46. Kh2 Qc2 47. Qg6+ Kh8 48. Qh6+ Kg8 49. Qxe6+ Kf8 50.
exd5 Bc1 51. Qf6+ Kg8 52. Qg5+ Kf8 53. Qf6+ Kg8 54. Qg5+ Kf8 55. Qh5 Nxd5
56. Kh3 Qb3 57. Bf3 Nf6 58. Qh8+ Kf7 59. Bh5+ Nxh5 60. Qxh5+ Kg7 61. Qe5+
Kg6 62. Qd6+ Kf5 63. Qc5+ Ke4 64. Qxc1 1-0

[Event "Aeroflot Open"]
[Site "Moscow RUS"]
[Date "2004.02.21"]
[Round "5"]
[White "Petrosian,TL"]
[Black "Markowski,T"]
[Result "1/2-1/2"]
[WhiteElo "2477"]
[BlackElo "2603"]
[EventDate "2004.02.17"]

1. g3 c5 2. Bg2 g6 3. Nf3 Bg7 4. O-O Nc6 5. e4 e5 6. d3 Nge7 7. c4 d6 8.
Nc3 O-O 9. a3 a6 10. Rb1 Rb8 11. b4 cxb4 12. axb4 b5 13. cxb5 axb5 14. Nd5
Nxd5 15. exd5 Ne7 16. Qb3 Bb7 17. Nd2 Qb6 18. Bb2 Bh6 19. Rbd1 Bg7 20. d4
exd4 21. g4 f5 22. Rfe1 Rf7 23. g5 f4 24. Re6 f3 25. Bxf3 Rbf8 26. Bg2 Qd8
27. Rf1 Nxd5 28. h4 Nf4 29. Bxb7 d5 30. Bxd5 Nxd5 31. Ne4 Nf4 32. Nf6+ Bxf6
33. Rxf6 Kg7 34. Rxf7+ Rxf7 35. Rd1 Qd7 36. Bxd4+ Kg8 37. Kf1 Qg4 38. Bf6
Qe2+ 39. Kg1 Qg4+ 40. Kf1 Qe2+ 1/2-1/2

[Event "Aeroflot Open"]
[Site "Moscow RUS"]
[Date "2004.02.21"]
[Round "5"]
[White "Efimenko,Z"]
[Black "Galkin,A"]
[Result "0-1"]
[WhiteElo "2537"]
[BlackElo "2607"]
[EventDate "2004.02.17"]

1. e4 c5 2. Nf3 e6 3. Nc3 d6 4. d4 cxd4 5. Nxd4 Nf6 6. Be2 Be7 7. Be3 a6 8.
Qd2 Qc7 9. O-O-O b5 10. a3 Bb7 11. f3 O-O 12. g4 Nc6 13. g5 Nd7 14. h4 b4
15. Nxc6 Bxc6 16. axb4 Rfb8 17. g6 fxg6 18. h5 gxh5 19. Bc4 Nf8 20. Rdg1
Bf6 21. Bd4 Bxd4 22. Qxd4 Be8 23. f4 d5 24. exd5 Rxb4 25. b3 Rd8 26. d6
Rxd6 27. Bxe6+ Nxe6 28. Qxb4 Rd4 29. Qa3 Qxc3 30. Qxa6 Nc5 31. Qa2 Bc6 32.
Rxh5 Qe3+ 33. Kb2 Nd3+ 34. Ka3 Qe7+ 35. b4+ Bd5 0-1

[Event "Aeroflot Open"]
[Site "Moscow RUS"]
[Date "2004.02.22"]
[Round "6"]
[White "Zhao Jun"]
[Black "Sulskis,S"]
[Result "1/2-1/2"]
[WhiteElo "2434"]
[BlackElo "2582"]
[EventDate "2004.02.17"]

1. e4 e5 2. Nf3 Nc6 3. Bb5 a6 4. Ba4 Nf6 5. Qe2 b5 6. Bb3 Na5 7. O-O c5 8.
a4 d6 9. Ba2 b4 10. d3 b3 11. Bxb3 Nxb3 12. cxb3 Rb8 13. Nbd2 Be7 14. Nc4
O-O 15. Bd2 Rxb3 16. Ba5 Qe8 17. Nfd2 Rb7 18. Bc3 Nd7 19. Na5 Rb8 20. Nc6
Rb6 21. Nxe7+ Qxe7 22. Nc4 Rb7 23. Ne3 Nb8 24. f4 Nc6 25. Nd5 Qd8 26. a5
Be6 27. Nb6 f6 28. Kh1 Na7 29. Qd2 Nb5 30. Rac1 Bb3 31. Rf3 g5 32. fxg5
fxg5 33. Rxf8+ Kxf8 34. Qe2 Rf7 35. Rf1 Kg7 36. Bd2 Rxf1+ 37. Qxf1 Qf6 38.
Qc1 h6 39. Be3 Nd4 40. Bxd4 exd4 41. Kg1 Qe6 42. h3 Kf7 43. Qf1+ Qf6 44.
Qc1 Qe6 45. Qf1+ Qf6 46. Qc1 Qf4 47. Qxf4+ gxf4 48. Kf2 Ke7 49. Kf3 Ke6 50.
Kxf4 Bc2 51. g4 Bxd3 52. h4 Bb5 53. g5 hxg5+ 54. hxg5 Be8 55. Nd5 Bh5 56.
b4 c4 57. b5 c3 58. Nb4 Kd7 59. b6 Bg6 60. b7 Kc7 61. Nc6 Kxb7 62. Nxd4 Kc7
63. Ke3 Kd7 64. Kd3 d5 1/2-1/2

[Event "Aeroflot Open"]
[Site "Moscow RUS"]
[Date "2004.02.22"]
[Round "6"]
[White "Rublevsky,S"]
[Black "Filippov,Va"]
[Result "0-1"]
[WhiteElo "2655"]
[BlackElo "2609"]
[EventDate "2004.02.17"]

1. e4 c5 2. Nf3 e6 3. c3 Nf6 4. e5 Nd5 5. Bc4 d6 6. d4 cxd4 7. cxd4 Nb6 8.
Bb3 dxe5 9. Nxe5 Nc6 10. Nf3 Be7 11. Nc3 Bf6 12. Be3 Na5 13. Bc2 Nac4 14.
O-O Nxb2 15. Qe2 N2c4 16. Ne5 Nd6 17. Qh5 g6 18. Qh6 Nf5 19. Bxf5 exf5 20.
Rfe1 Be6 21. Rad1 Nd5 22. Nxd5 Qxd5 23. Nd3 O-O-O 24. Qf4 Qd6 25. Rc1+ Kb8
26. Qxd6+ Rxd6 27. Bf4 Rhd8 28. Nc5 Bxa2 29. d5 a5 30. Re2 Bxd5 31. Rd2 Ka7
32. Bxd6 Rxd6 33. Rcd1 Kb6 34. Rxd5 Rxd5 35. Rxd5 Kc6 36. Rd7 Kxc5 37. Rxb7
a4 38. Kf1 a3 39. Ra7 Kb4 40. Ke2 Kb3 41. Kd3 a2 42. Rb7+ Ka3 43. Ra7+ Kb2
44. Rb7+ Kc1 45. Rc7+ Kd1 0-1

[Event "Aeroflot Open"]
[Site "Moscow RUS"]
[Date "2004.02.22"]
[Round "6"]
[White "Popov,Val"]
[Black "Petrosian,TL"]
[Result "1/2-1/2"]
[WhiteElo "2580"]
[BlackElo "2477"]
[EventDate "2004.02.17"]

1. Nf3 Nf6 2. c4 g6 3. Nc3 d5 4. Qa4+ Bd7 5. Qb3 dxc4 6. Qxc4 a6 7. d4 b5
8. Qd3 Bg7 9. g3 b4 10. Ne4 Nxe4 11. Qxe4 Bc6 12. Qf4 O-O 13. Bg2 Bxd4 14.
O-O e5 15. Nxe5 Bxe5 16. Qxe5 Re8 17. Qc5 Bxg2 18. Kxg2 Rxe2 19. Bh6 Nd7
20. Qxb4 Ne5 21. Rad1 Qf6 22. Qb7 Re8 23. Rde1 c6 24. Qb3 Rxe1 25. Rxe1 g5
26. Qc3 Qxh6 27. Rxe5 Rxe5 28. Qxe5 Qg6 29. Qe2 g4 30. Qxa6 Qe4+ 31. Kg1
Qb1+ 32. Kg2 Qe4+ 33. Kg1 Qb1+ 34. Qf1 Qxa2 35. Qe2 Qb1+ 36. Kg2 Qg6 37.
Qe5 f5 38. Qe7 Qf7 39. Qg5+ Kh8 40. Qd8+ Kg7 41. h4 Qe6 42. Qd4+ Kg6 43.
Kf1 c5 44. Qf4 h6 45. Qa4 c4 46. Qa8 f4 47. gxf4 Kf5 48. Qf8+ Ke4 49. f5
Qa6 50. Kg2 Qc6 51. Kg1 Qb6 52. Qf7 Qxb2 53. Qxc4+ Kxf5 54. Qc8+ Kg6 55.
Qxg4+ Kh7 56. Qf5+ Kg7 57. Qg4+ Kh7 58. h5 Qb1+ 59. Kh2 Qb8+ 60. Qg3 Qb1
61. Qc7+ Kh8 62. Qc6 Kh7 63. f3 Qb2+ 64. Kh3 Qd2 65. Qe4+ Kh8 66. Qe8+ Kh7
67. Qe7+ Kg8 68. Kg3 Qc1 69. Kg4 Qc4+ 70. Qe4 Qc8+ 71. Qf5 Qc4+ 72. Qf4
Qe6+ 73. Kh4 Qb6 74. Qc4+ Kh8 75. Qc3+ Kg8 76. Qe5 Kh7 77. Kg4 Qg1+ 78. Kf5
Qg5+ 79. Ke6 Qg8+ 80. Kd7 Qf7+ 81. Qe7 Kh8 1/2-1/2

[Event "Aeroflot Open"]
[Site "Moscow RUS"]
[Date "2004.02.22"]
[Round "6"]
[White "Inarkiev,E"]
[Black "Ivanov,Se1"]
[Result "1/2-1/2"]
[WhiteElo "2606"]
[BlackElo "2544"]
[EventDate "2004.02.17"]

1. Nf3 d5 2. e3 Nf6 3. c4 e6 4. b3 c5 5. Bb2 Nc6 6. cxd5 exd5 7. Bb5 Bd6 8.
O-O O-O 9. h3 Re8 10. Nc3 Bd7 11. Be2 d4 12. Na4 Qe7 13. Re1 dxe3 14. dxe3
Rad8 15. Qc1 b6 16. Rd1 h6 17. Qc3 Qf8 18. Qe1 Qe7 19. Rac1 Nb4 20. Nc3 Bc6
21. Rd2 Bc7 22. Rcd1 Rxd2 23. Rxd2 Rd8 24. Qd1 Rxd2 25. Qxd2 Ne4 26. Nxe4
Qxe4 27. a3 Qb1+ 28. Qc1 Qxc1+ 29. Bxc1 Nd5 30. Bb2 f6 31. a4 Nb4 32. Nd2
Kf7 33. f4 a6 34. Kf2 b5 35. axb5 axb5 36. g3 Bb6 37. Bf1 Nd5 38. e4 Nb4
39. Ke2 Nc2 40. Kd3 Nb4+ 41. Ke2 Nc2 42. Bg2 c4 43. bxc4 Ne3 44. cxb5 Bxb5+
45. Kf3 Nc2 46. Bf1 Ne1+ 47. Kg4 g6 48. h4 Bd7+ 49. f5 h5+ 50. Kh3 gxf5 51.
Kh2 f4 52. e5 fxe5 53. Bxe5 Be3 54. Nc4 Nf3+ 55. Kh1 Nxe5 56. Nxe5+ Ke6 57.
Nxd7 Kxd7 58. gxf4 Bxf4 59. Kg2 1/2-1/2

[Event "Aeroflot Open"]
[Site "Moscow RUS"]
[Date "2004.02.22"]
[Round "6"]
[White "Galkin,A"]
[Black "Vorobiov,E"]
[Result "1/2-1/2"]
[WhiteElo "2607"]
[BlackElo "2544"]
[EventDate "2004.02.17"]

1. e4 c5 2. Nf3 d6 3. d4 cxd4 4. Nxd4 Nf6 5. Nc3 a6 6. Be2 e6 7. f4 Be7 8.
O-O O-O 9. a4 Nc6 10. Be3 Qc7 11. Kh1 1/2-1/2

[Event "Aeroflot Open"]
[Site "Moscow RUS"]
[Date "2004.02.22"]
[Round "6"]
[White "Dvoirys,S"]
[Black "Graf,A"]
[Result "1/2-1/2"]
[WhiteElo "2594"]
[BlackElo "2629"]
[EventDate "2004.02.17"]

1. e4 e5 2. Nf3 Nc6 3. Bb5 a6 4. Ba4 Nf6 5. O-O Be7 6. Re1 b5 7. Bb3 d6 8.
c3 O-O 9. h3 Na5 10. Bc2 c5 11. d4 Nd7 12. Nbd2 exd4 13. cxd4 Nc6 14. Nf1
cxd4 15. Nxd4 Nxd4 16. Qxd4 Ne5 17. Qd1 Bf6 18. Ne3 Be6 19. Nd5 Bxd5 20.
Qxd5 Rc8 21. Bb3 Rc5 22. Qd1 Nc4 23. Rb1 d5 24. exd5 Rxd5 25. Qf3 Rd3 26.
Qe4 Rd4 27. Qc6 Rd6 28. Qf3 Rd3 29. Qe4 Rd4 30. Qc6 Qc8 31. Qxc8 Rxc8 32.
Rd1 h6 33. Rxd4 Bxd4 34. Kf1 g5 35. Bd1 Rc6 36. b3 Ne5 37. Bb2 Rd6 38. Be2
Bxb2 39. Rxb2 Nc6 40. Rc2 Kg7 41. Rc5 Nd4 42. Bg4 f5 1/2-1/2